000 00817nam a22002657a 4500
003 UA-OsUOA
001 78105
007 ta
008 20110930b un ||||| |||| 00| 0 ukr d
100 _aПотапенко О.І.
700 _aПотапенко Г.І.
090 _a811.161.1:37
_bП64
942 _cBK
040 _aUA-OsUOA
_bukr
_cUA-OsUOA
_dUA-OsUOA
245 _aМетодика викладання української мови
_bнавч. посібник
300 _a126 с.
955 _a2
041 _aukr
080 _a811.161.1:37
020 _a5-11-002425-1
260 _aК.
_bВища школа
_c1992
246 3 1 _aПрактикум
_n
650 7 _a8 Мовознавство. Художня література. Літературознавство
_2UDC
999 _c364409
_d364409